फुले आणि मी (Record no. 1261221)

MARC details
000 -LEADER
fixed length control field 00606nam a2200193Ia 4500
008 - FIXED-LENGTH DATA ELEMENTS--GENERAL INFORMATION
fixed length control field 151121s9999||||xx |||||||||||||| ||und||
082 ## - DEWEY DECIMAL CLASSIFICATION NUMBER
Classification number बा। वि।
082 ## - DEWEY DECIMAL CLASSIFICATION NUMBER
Item number HNW-79865
100 ## - MAIN ENTRY--PERSONAL NAME
Personal name जफा मनोरमा
245 ## - TITLE STATEMENT
Title फुले आणि मी
260 ## - PUBLICATION, DISTRIBUTION, ETC. (IMPRINT)
Name of publisher, distributor, etc "नॅशनल बुक ट्रस्ट, इं।- न। दिल्ली"
260 ## - PUBLICATION, DISTRIBUTION, ETC. (IMPRINT)
Date of publication, distribution, etc --
300 ## - PHYSICAL DESCRIPTION
Extent 0
600 ## - SUBJECT ADDED ENTRY--PERSONAL NAME
Personal name जफा मनोरमा
630 ## - SUBJECT ADDED ENTRY--UNIFORM TITLE
Uniform title फुले आणि मी
700 ## - ADDED ENTRY--PERSONAL NAME
Personal name जफा मनोरमा
730 ## - ADDED ENTRY--UNIFORM TITLE
Uniform title फुले आणि मी
942 ## - ADDED ENTRY ELEMENTS (KOHA)
Koha item type Book
Holdings
Withdrawn status Lost status Damaged status Not for loan Home library Current library Date acquired Cost, normal purchase price Total Checkouts Full call number Barcode Date last seen Cost, replacement price Price effective from Koha item type
        Hirachand Nemchand Wachanalaya, Solapur Hirachand Nemchand Wachanalaya, Solapur 11/21/2015 8.00   HNW-79865 HNW-79865 11/21/2015 8.00 11/21/2015 Book